000
00254 a2200109 4500
001
61987
082
_a
153.94 KAP
090
_c
37152
_d
37152
100
_a
Richmond, Barry
245
_a
GRE Exam 2006
_c
Barry Richmond
260
_b
Simon & Schuster
_c
2006
942
_a
NUST-CAE
_k
153.94 KAP
999
_c
297060
_d
297060